| 000 | 00526nam a2200193Ia 4500 | ||
|---|---|---|---|
| 005 | 20250508164802.0 | ||
| 008 | 008 250505s9999 xx 000 0 eng d | ||
| 037 | _aReference | ||
| 040 |
_aFEDL _beng _cFEDL |
||
| 041 |
_aeng _2eng |
||
| 084 |
_a910, KHU/RR _qFEDL |
||
| 100 |
_aKhullar D R _9779162 |
||
| 245 | 0 | _aISC geography : Class 11 | |
| 260 |
_aLudhiana, India _bKalyani Publishers _c2008 |
||
| 300 | _axxiii,422p. | ||
| 365 |
_aINR _b175 |
||
| 942 |
_cREF _h910, KHU/RR |
||
| 999 |
_c1391155 _d1391155 |
||